01181nam a2200265 u 450000100070000000500170000700800410002403500110006504000130007604100080008908000070009710000420010424501890014626000230033530000170035850001190037565000240049465000330051865000300055165000100058165000500059170000470064170000430068850001840073164454620260506090442.0010206s2001 ||||||m| spa  a644546 ccomduadb aspa aWA10aGomez Montoya, Carlos Mario4auteaut10aDiseño de un sistema de disposicion final de lodos deshidratados, en relleno tipo zanja, generados en el proceso de potabilizacion del agua en la planta la cascada - Medellin /cDYTG aMedellín,c2001. a87p. + anexo aAnexo : manual de operacion para el relleno sanitario tipo zanja o trinchera. planta de potabilizacion la cascada. aRellenos sanitarios aDisposición final de lodos aPotabilización del agua aLodos aPlanta de tratamiento La Cascada (Medellín)10aPatiño Manrique, Olga Patricia4auteaut10aZapata Villarreal, Luz Nelly4thseths aTesis (Administrador de Servicios de Salud con Énfasis en Gestión Sanitaria y Ambiental). Universidad de Antioquia. Facultad Nacional de Salud Pública - Título de la tesis